Lean Manufacturing for the small shop (Record no. 33444)
[ view plain ]
| 000 -LEADER | |
|---|---|
| fixed length control field | 00293nam a2200145Ia 4500 |
| 082 ## - DEWEY DECIMAL CLASSIFICATION NUMBER | |
| Classification number | 658.503 |
| Item number | CON |
| 100 ## - MAIN ENTRY--PERSONAL NAME | |
| Personal name | Conner/Gary |
| 245 ## - TITLE STATEMENT | |
| Title | Lean Manufacturing for the small shop |
| 260 ## - PUBLICATION, DISTRIBUTION, ETC. | |
| Name of publisher, distributor, etc. | Sme |
| Date of publication, distribution, etc. | 2001 |
| 366 ## - TRADE AVAILABILITY INFORMATION | |
| Publishers's discount category | 20 |
| 300 ## - PHYSICAL DESCRIPTION | |
| Extent | 258 |
| 546 ## - LANGUAGE NOTE | |
| Language note | ENGLISH |
| 942 ## - ADDED ENTRY ELEMENTS (KOHA) | |
| Koha item type | Reference Book |
| Withdrawn status | Lost status | Damaged status | Not for loan | Collection | Home library | Current library | Date acquired | Source of acquisition | Cost, normal purchase price | Inventory number | Total Checkouts | Full call number | Barcode | Date last seen | Cost, replacement price | Price effective from | Koha item type |
|---|---|---|---|---|---|---|---|---|---|---|---|---|---|---|---|---|---|
| CRC | Fr. Agnel's C.Rodrigues College of Engineering | Fr. Agnel's C.Rodrigues College of Engineering | 17/03/2023 | Milan Book Supplier | 2802.40 | 1758 dt 25/04/2009 | 658.503 CON | 19706 | 17/03/2023 | 3503.00 | Reference Book |